|
|
|
|
| LEADER |
00970pam a22002538a 4500 |
| 001 |
00046477 |
| 005 |
20210310140317.0 |
| 008 |
110725s1994 ||||||viesd |
| 020 |
# |
# |
|a 9786049976544
|c 0
|
| 041 |
0 |
# |
|a vie
|
| 082 |
1 |
4 |
|a 343.597
|b NH556V
|
| 100 |
# |
# |
|a Đặng, Ý My
|e Biên soạn
|
| 245 |
0 |
0 |
|a Những vấn đề cơ bản về soạn thảo hợp đồng và bộ mẫu hợp đồng thông dụng nhất
|c Đặng Ý My, Ngô Huy Khánh (b.s.)
|
| 260 |
# |
# |
|a Hà Nội
|b Hồng Đức
|c 2020
|
| 300 |
# |
# |
|a 271tr.
|c 21cm
|
| 651 |
# |
# |
|a Hợp đồng dân sự
|
| 653 |
# |
# |
|a Hướng dẫn
|
| 653 |
# |
# |
|a Hợp đồng kinh tế
|
| 653 |
# |
# |
|a Luật dân sự
|
| 653 |
# |
# |
|a Luật kinh tế
|
| 653 |
# |
# |
|a Soạn thảo
|
| 700 |
1 |
# |
|a Ngô Huy Khánh
|e Biên soạn
|
| 852 |
# |
# |
|j KM.0035064
|j KD.0027862
|
| 980 |
# |
# |
|a Trung tâm Học liệu Lê Vũ Hùng, Trường Đại học Đồng Tháp
|